01421nam a2200349 a 4500001001200000003000800012006001900020007001500039008004100054010001700095020002300112020002200135020001800157040002100175035002000196043001200216050002500228082001600253100002300269245012500292260008500417300002400502500004300526504006400569533015200633650003300785650003700818651004400855655002900899710001700928856012600945ebr10275399CaPaEBRm u cr cn|||||||||011106s2001 hu a sb 001 0 eng d z 2001056170 z9639241245 (cloth) z9639241253 (pbk.) z9789639241244 aCaPaEBRcCaPaEBR a(OCoLC)52697776 ae-un---14aKKY2070b.W65 2001eb04a342.4772211 aWolczuk, Kataryna.14aThe moulding of Ukraineh[electronic resource] :bthe constitutional politics of state formation /cby Kataryna Wolczuk. aBudapest, Hungary ;aNew York, N.Y. :bCentral European University Press,c2001. axxi, 315 p. :bill. aBased on the author's thesis (Ph. D.). aIncludes bibliographical references (p. 291-309) and index. aElectronic reproduction.bPalo Alto, Calif. :cebrary,d2013.nAvailable via World Wide Web.nAccess may be limited to ebrary affiliated libraries. 0aConstitutional lawzUkraine. 0aConstitutional historyzUkraine. 0aUkrainexPolitics and governmenty1991- 7aElectronic books.2local2 aebrary, Inc.40uhttp://site.ebrary.com/lib/rucke/Doc?id=10275399zAn electronic book accessible through the World Wide Web; click to view